Normal view
MARC view
Entry Topical Term
001 - CONTROL NUMBER
- control field: 69099
003 - CONTROL NUMBER IDENTIFIER
- control field:
005 - DATE AND TIME OF LATEST TRANSACTION
- control field: 20251215103723.0
008 - FIXED-LENGTH DATA ELEMENTS
- fixed length control field: 251215|| aca||aabn | a|a d
040 ## - CATALOGING SOURCE
- Original cataloging agency:
- Transcribing agency:
150 ## - HEADING--TOPICAL TERM
- Topical term or geographic name entry element: Automobiles
- Form subdivision: Technological innovations
- General subdivision: Study and teaching
670 ## - SOURCE DATA FOUND
- Source citation: Work cat.: ()34050: KUWANTA, Grace I. aut 68784, Fundamentals of automobile technology /, 2025
